000 00526nam a2200217Ia 4500
003 OSt
005 20220928141023.0
006 a|||||r|||| 00| 0
007 ta
008 220927b |||||||| |||| 00| 0 eng d
024 _a12858
037 _cTextual
040 _aSDCL
_cSDCL
_beng
041 _2eng
_aeng
082 _aO-,3N47,1, M1
100 _aRushdie Salman
245 0 _aMidnight 's children.
260 _c1981
942 _hO-,3N47,1, M1
_cTEXL
_2CC
999 _c815267
_d815267